banner-ar

رفاق السلاح : ملحمة الحب والحرب / (Record no. 30086)

MARC details
000 -الفاتح
حقل البيانات ثابتة الطول 00639nam a2200193Ia 4500
005 - وقت وتاريخ اخر تعامل مع التسجيلة
رقم الضبط 20240530102137.0
008 - عناصر البيانات ثابتة الطول - معلومات عامة
حقل البيانات ثابتة الطول 140319s9999 xx 000 0 ara d
040 ## - مصدر الفهرسة
وكالة الفهرسة الأصلية GCL /
وكالة النسخ GCL
082 04 - رقم تصنيف ديوى العشرى
رقم التصنيف 810.9033
رقم المادة م ر
100 1# - المدخل الرئيسى - إسم شخصى
الإسم الشخصى محمد محمد النحاس
245 10 - بيان العنوان
العنوان رفاق السلاح : ملحمة الحب والحرب /
بيان المسئوليه,etc محمد محمد النحاس
260 ## - PUBLICATION, DISTRIBUTION, ETC. (IMPRINT)
تاريخ النشر أو التوزيع 1993
300 ## - الوصف المادى
التعداد 269 ص
650 04 - المدخل الاضافى بالموضوع-مصطلح موضوعى
مصطلح موضوعي الادب العربى
650 04 - المدخل الاضافى بالموضوع-مصطلح موضوعى
مصطلح موضوعي القصص العربية
650 04 - المدخل الاضافى بالموضوع-مصطلح موضوعى
مصطلح موضوعي الحرب والادب
942 ## - عناصر المدخل الإضافي( كوها)
مصدر التصنيف او مخطط الترفيف Dewey Decimal Classification
Koha [default] item type كتاب
260 ## - PUBLICATION, DISTRIBUTION, ETC. (IMPRINT)
-- [ القاهرة ] :
-- الهيئة المصرية العامة للكتاب ،
Holdings
حالة التراجع حالة الفقد مصدر التصنيف او خطة الترفيف حالة تلف ليس للاعارة المكان المؤقت الموقع الحالى موقع الترفيف تاريخ الاكتساب اجمالي اﻻعارات رقم الطلب الباركود تاريخ اخر مشاهدة تاريخ تفعيل السعر نوع وعاء كوها
    ddc     مكتبة القاهرة الكبرى مكتبة القاهرة الكبرى ق الرئيسية_الأداب_ك عربى 03/26/2014   810.9033\م ر 70021 03/26/2014 03/26/2014 كتاب
    ddc     مكتبة القاهرة الكبرى مكتبة القاهرة الكبرى   03/31/2022   810.9033 م ر 167739 03/31/2022 03/31/2022 كتاب

Powered By

EGPV